Piel de asno
Saved in:
| Format: | Book |
|---|---|
| Language: | Spanish English |
| Published: |
Barcelona
Bibliográfica Internacional
2001
|
| Series: | Cuentos Gigantes Constanza
|
| Subjects: | |
| Tags: |
Add Tag
No Tags, Be the first to tag this record!
|
MARC
| LEADER | 00000cam a2200000 a 4500 | ||
|---|---|---|---|
| 001 | UCF9545 | ||
| 003 | CL-VaPUC | ||
| 008 | 131129e20010000sp |||||||||||||||||spa|d | ||
| 020 | |a 956809007X | ||
| 041 | 0 | 7 | |a spa |2 CL-VaPUC |
| 041 | 0 | 7 | |a eng |2 CL-VaPUC |
| 082 | 0 | 4 | |a 808.068 |b PIE |2 21 |
| 245 | 1 | 0 | |a Piel de asno |
| 246 | 1 | 0 | |a Piel de asno: edición bilingüe español-inglés |
| 246 | 1 | 0 | |a Donkey skin |
| 300 | |a 8 p | ||
| 942 | |c BK | ||
| 945 | |d 20131129 12:34:00 |a cmena | ||
| 260 | |a Barcelona |b Bibliográfica Internacional |c 2001 | ||
| 650 | 0 | |a Cuentos infantiles |9 308044 | |
| 650 | 0 | |a Literatura infantil |9 307465 | |
| 583 | |a last modification |c 20131203 02:44:46 |k Rodrigo Vera | ||
| 490 | 0 | |a Cuentos Gigantes Constanza | |
| 999 | |c 353988 |d 353986 | ||